Structural analysis: (Record no. 7855)

MARC details
000 -LEADER
fixed length control field 00458nam a2200193 4500
003 - CONTROL NUMBER IDENTIFIER
control field .
005 - DATE AND TIME OF LATEST TRANSACTION
control field 20260105113331.0
008 - FIXED-LENGTH DATA ELEMENTS--GENERAL INFORMATION
fixed length control field .
020 ## - INTERNATIONAL STANDARD BOOK NUMBER
International Standard Book Number 9781292469720
040 ## - CATALOGING SOURCE
Transcribing agency .
082 ## - DEWEY DECIMAL CLASSIFICATION NUMBER
Classification number 624.171   H628s   2024
100 ## - MAIN ENTRY--PERSONAL NAME
Personal name R. C. Hibbeler 
245 ## - TITLE STATEMENT
Title Structural analysis:
Remainder of title /
Statement of responsibility, etc. R. C. Hibbeler 
250 ## - EDITION STATEMENT
Edition statement 12 ed
260 ## - PUBLICATION, DISTRIBUTION, ETC.
Name of publisher, distributor, etc. Harlow; Pearson, 2024
300 ## - PHYSICAL DESCRIPTION
Extent 756 p
Dimensions 24 cm
650 ## - SUBJECT ADDED ENTRY--TOPICAL TERM
Geographic subdivision structural analysis
942 ## - ADDED ENTRY ELEMENTS (KOHA)
Source of classification or shelving scheme Dewey Decimal Classification
Koha item type English Book
Suppress in OPAC No
Holdings
Withdrawn status Lost status Source of classification or shelving scheme Damaged status Not for loan Home library Current library Date acquired Total Checkouts Full call number Barcode Date last seen Price effective from Koha item type
    Dewey Decimal Classification     KHOBAR KHOBAR 07/27/2025   624.171   H628s   2024 1000000034985 07/27/2025 07/27/2025 English Book
    Dewey Decimal Classification     KHOBAR KHOBAR 07/27/2025   624.171   H628s   2024 1000000034986 07/27/2025 07/27/2025 English Book